000 00682cam a22002293a 4500
001 36529
003 PGUSA
005 20140828083806.0
008 110627s2011||||xxu|||||s|||||000 | eng d
040 _aPGUSA
_beng
042 _adc
245 1 0 _aMr. Punch at the Play :
_bHumours of Music and the Drama
_h[electronic resource] /
_cVarious
260 _bProject Gutenberg,
_c2011
506 _aPublic domain in the USA.
516 _aElectronic text
700 1 _aHammerton, John Alexander,
_cSir,
_d1871-1949
700 1 _aKeene, Charles,
_d1823-1891
700 1 _aothers
830 0 _aProject Gutenberg
_v36529
856 4 0 _uhttp://www.gutenberg.org/ebooks/36529
942 _cEB
999 _c265784
_d265784